000 02462nam a2200361Ia 4500
001 ebr10141170
003 CaPaEBR
006 m u
007 cr cn|||||||||
008 051221s2006 enka sb 001 0 eng d
010 _z 2005036451
015 _aGBA593080
_2bnb
020 _z9781846424809
020 _z1843102315 (pbk. : alk. paper)
024 3 _z9781843102311 (pbk. : alk. paper)
040 _aCaPaEBR
_cCaPaEBR
035 _a(OCoLC)228170294
050 1 4 _aBL625.4
_b.M33 2006eb
082 0 4 _a259/.3
_222
100 1 _aMacKinlay, Elizabeth,
_d1940-
245 1 0 _aSpiritual growth and care in the fourth age of life
_h[electronic resource] /
_cElizabeth MacKinlay.
260 _aLondon ;
_aPhiladelphia :
_bJessica Kingsley Publishers,
_c2006.
300 _a271 p. :
_bill.
504 _aIncludes bibliographical references (p. 255-264) and indexes.
505 0 _aThe spiritual dimension of ageing and people in need of care -- The studies of frail older people and staff in aged care -- Assessment of spirituality and spiritual needs : a developmental approach -- Meaning in life and frailty in the later years -- Wisdom, final meaning, the spiritual journey and frail older people -- Spiritual reminiscence : provisional and final meanings in frail older people -- The spiritual journey and mental health amongst older adults in need of care -- Meeting the challenge : older people with memory loss and dementia -- Worship and use of ritual among older people : working in multifaith and multicultural societies -- Vulnerability and transcendence, living in a disintegrating body and failure to thrive -- Vulnerability, transcendence -- Living with chronic physical health problems -- Relationship and intimacy needs among nursing home residents -- Grief, death, dying and spirituality in an aged care facility -- Ethical issues in the fourth age of life -- The model of spiritual growth and care in the fourth age of life.
533 _aElectronic reproduction.
_bPalo Alto, Calif. :
_cebrary,
_d2009.
_nAvailable via World Wide Web.
_nAccess may be limited to ebrary affiliated libraries.
650 0 _aOlder people
_xCare.
650 0 _aOlder people
_xPastoral counseling of.
650 0 _aOlder people
_xReligious life.
655 7 _aElectronic books.
_2local
710 2 _aebrary, Inc.
856 4 0 _uhttp://site.ebrary.com/lib/rucke/Doc?id=10141170
_zAn electronic book accessible through the World Wide Web; click to view
999 _c186805
_d186805